Most Successful Premier League Managers - Statistics

General Stats
  • This quiz has been taken 7 times
  • The average score is 3 of 20
Answer Stats
Win Percentage Manager % Correct
65.2% Sir Alex Ferguson
83%
70.3% Pep Guardiola
67%
57.6% Arsene Wenger
50%
70.3% Antonio Conte
33%
46.9% Brendan Rodgers
17%
47.9% Gianluca Vialli
17%
63.4% Jose Mourinho
17%
48.3% Roy Evans
17%
51.9% Andre Villas-Boas
0%
63.2% Carlo Ancelotti
0%
49.8% Claudio Ranieri
0%
52.9% Guus Hiddink
0%
52.1% Jurgen Klopp
0%
48.3% Kenny Dalglish
0%
51.3% Louis Van Gaal
0%
56.0% Luiz Felipe Scolari
0%
61.4% Manuel Pellegrini
0%
50.0% Mauricio Pochettino
0%
51.7% Rafa Benitez
0%
61.7% Roberto Mancini
0%
No matching quizzes found
Score Distribution
Percent of People with Each Score
Percentile by Number Answered
Your Score History
You have not taken this quiz